| 000 | 00564nam a2200193Ia 4500 | ||
|---|---|---|---|
| 003 | GCL | ||
| 008 | 140319s9999 xx 000 0 ara d | ||
| 040 |
_aGCL / _cGCL |
||
| 082 | 0 | 4 |
_a808 _bم ق |
| 100 | 1 | _aمسعد الهوارى | |
| 245 | 1 | 0 |
_aقاموس قواعد البلاغة واصول النقد والتذوق / _cمسعد الهوارى |
| 300 | _a177 ص | ||
| 490 | _a | ||
| 650 | 0 | 4 | _aالادب العربى |
| 650 | 0 | 4 | _aالبلاغة العربية |
| 650 | 0 | 4 | _aالبلاغة |
| 650 | 0 | 4 | _aالبلاغة , قواميس |
| 942 |
_2ddc _cBK |
||
| 999 |
_c48011 _d48011 |
||